| 000 | 01234nam a2200253Ia 4500 | ||
|---|---|---|---|
| 003 | OSt | ||
| 005 | 20210212124949.0 | ||
| 008 | 191128s1991 ck aoe gr 001 0 spa d | ||
| 020 | _a95817007655 | ||
| 040 |
_aCO-JMCR _cCO-JMCR |
||
| 041 | 0 | _aspa | |
| 082 | 0 | 4 |
_a720.9861 / _bN716a _223 |
| 100 | 1 |
_aNiño Murcia, Carlos, _eautor _913388 |
|
| 245 | 1 | 0 |
_aArquitectura y estado : _bcontexto y significado de las construcciones del Ministerio de Obras Públicas : Colombia, 1905-1960 / _cCarlos Niño Murcia |
| 250 | _a1a. edición | ||
| 260 |
_aBogotá : _bUniversidad Nacional de Colombia, _c1991 |
||
| 300 |
_a340 páginas, [4] páginas de láminas a color : _bilustraciones, fotografías y planos a blanco y negro ; _c34 cm. |
||
| 500 | _aIncluye índice de nombres y de lugares. | ||
| 505 | 0 | _aColombia, ciudad y arquitectura en el siglo XIX -- El gobierno de Rafael Reyes y la iniciación del Ministerio -- Obras del Ministerio, 1905-1909 -- El Republicanismo -- Obras hacia 1910 -- La guerra, el petróleo y el debate por la indemnización de Panamá | |
| 650 | 1 | 4 |
_aArquitectura y estado _zColombia _913389 |
| 650 | 2 | 4 |
_aArquitectura _xhistoria _zColombia _913390 |
| 650 | 2 | 4 |
_aInfraestructura física _913391 |
| 942 |
_2ddc _cBK |
||
| 999 |
_c6155 _d6155 |
||